Rural geography : (Record no. 53968)
[ view plain ]
| 000 -LEADER | |
|---|---|
| fixed length control field | 00873nam a2200265 a 4500 |
| 001 - CONTROL NUMBER | |
| control field | 53968 |
| 003 - CONTROL NUMBER IDENTIFIER | |
| rucl marc code | BD-RjUL |
| 005 - DATE AND TIME OF LATEST TRANSACTION | |
| control field | 20211209080043.0 |
| 008 - FIXED-LENGTH DATA ELEMENTS--GENERAL INFORMATION | |
| fixed length control field | 161030r19771974enka bs 001 0 eng |
| 020 ## - INTERNATIONAL STANDARD BOOK NUMBER | |
| International Standard Book Number | 0080170412 |
| -- | 0080170420 (Flexicover) |
| 035 ## - SYSTEM CONTROL NUMBER | |
| System control number | (BD-RjUL)54090 |
| 040 ## - CATALOGING SOURCE | |
| Original cataloging agency | DLC |
| Transcribing agency | DLC |
| Modifying agency | DLC |
| Language of cataloging | eng |
| 041 ## - LANGUAGE CODE | |
| Language code of text/sound track or separate title | eng |
| 082 00 - DEWEY DECIMAL CLASSIFICATION NUMBER | |
| Edition number | 23 |
| Classification number | 307.720941 |
| Author mark and year | CLR 1977 |
| 100 1# - MAIN ENTRY--PERSONAL NAME | |
| Personal name | Clout, Hugh D. |
| 9 (RLIN) | 161145 |
| 245 10 - TITLE STATEMENT | |
| Title | Rural geography : |
| Remainder of title | an introductory survey / |
| Statement of responsibility, etc. | Hugh D. Clout. |
| 250 ## - EDITION STATEMENT | |
| Edition statement | 1st ed. |
| 260 ## - PUBLICATION, DISTRIBUTION, ETC. (IMPRINT) | |
| Place of publication, distribution, etc. | New York : |
| Name of publisher, distributor, etc. | Pergamon Press |
| Date of publication, distribution, etc. | c1972 [Reprinted 1977] |
| 300 ## - PHYSICAL DESCRIPTION | |
| Pagination | xii, 204 p. : |
| Illustrations | ill. ; |
| Size | 26 cm. |
| 490 0# - SERIES STATEMENT | |
| Series statement | The Commonwealth and international library. Pergamon Oxford geographies |
| 504 ## - BIBLIOGRAPHY, ETC. NOTE | |
| Bibliography, etc | Includes Bibliographical References and Index |
| 651 ## - SUBJECT ADDED ENTRY--GEOGRAPHIC NAME | |
| Geographic name | Great Britain. |
| General subdivision | Rural conditions |
| 9 (RLIN) | 161393 |
| 942 ## - ADDED ENTRY ELEMENTS (KOHA) | |
| Source of classification or shelving scheme | Dewey Decimal Classification |
| Koha item type | Books |
| Lost status | Source of classification or shelving scheme | Damaged status | Not for loan | Collection code | Permanent Location | Current Location | Shelving location | Date acquired | Source of acquisition | Cost, normal purchase price | Total Checkouts | Full call number | Date last seen | Copy number | Koha item type |
|---|---|---|---|---|---|---|---|---|---|---|---|---|---|---|---|
| Dewey Decimal Classification | Non-fiction | Central Library, University of Rajshahi | Central Library, University of Rajshahi | 11/03/1980 | Heffer and Sons | 2.25 | 307.720941 CLR 1977 | 30/10/2016 | C-2 | Books | |||||
| Dewey Decimal Classification | Not For Loan | Non-fiction | Central Library, University of Rajshahi | Central Library, University of Rajshahi | Reading Room | 11/03/1980 | Heffors | 5.80 | 307.720941 CLR 1977 | 12/04/2017 | C-1 | Books |